| 000 | 00487nam a2200169 a 4500 | ||
|---|---|---|---|
| 005 | 20140414132042.0 | ||
| 008 | 040602s19uu xx 00 eng d | ||
| 020 | _a0-02-178990-8 | ||
| 050 |
_aBB _bG26 1993 |
||
| 100 | _aAncona, George | ||
| 245 |
_aGetting together / _cwritten and photographed by George Ancona. |
||
| 260 |
_aNew York : _bMacmillan/McGraw-Hill School, _c1993. |
||
| 300 | _a32 p. : ill. ; cm. | ||
| 650 | _aSchools--stories. | ||
| 999 |
_c113884 _d113884 |
||